000 00395nam a2200145Ia 4500
008 100122s9999 xx 000 0 und d
082 _b26008
_a537.6
100 _aखांबेटे श्री भी
245 _aवायरमन
260 _bके.एन.गोकली
_c1976
300 _a151
630 _aवायरमन
730 _aवायरमन
942 _cBOOK
999 _c412574
_d412571